[Event "ICS Rated blitz match"]
[Site "207.99.83.227"]
[Date "1999.04.27"]
[Round "?"]
[White "sicillianknight"]
[Black "Hossa"]
[Result "1-0"]
[WhiteElo "2674"]
[BlackElo "2516"]
[Annotator "Crafty v16.6"]
[PlyCount "96"]

{annotating for player ossa using a scoring margin of +0.10 pawns. search time
limit is 10.00} 1. d4 1... Nf6 2. c4 d6 3. Nc3 Nbd7 4. e4 e5 5. Nf3 Be7 6. Be2
O-O 7. O-O c5 ({8:-0.48} 7... c5 8. d5 Nb6 9. Qd3 Bg4 10. Be3 Qd7 11. Ng5 $14)
({8:-0.12} 7... exd4 8. Qxd4 Nc5 9. Be3 Ng4 10. Bd2 Bf6 11. Qd5 11... Bd7 $10)
8. dxe5 dxe5 ({9:-0.60} 8... dxe5 9. Qd3 Qc7 10. Nd5 Nxd5 11. exd5 Qd6 12. Ng5
Nf6 13. Be3 $14) ({9:-0.37} 8... Nxe5 9. Nxe5 dxe5 10. Be3 Bd7 11. Bf3 Qc7 12.
Nd5 Nxd5 13. Qxd5 13... Rad8 $14) 9. Qd3 Qb6 10. Rd1 Rd8 11. Nd5 Nxd5 12. exd5
Bd6 13. Ng5 Nf6 14. Ne4 Be7 15. d6 Ne8 16. Bg5 f6 17. Be3 Bf5 18. Bxc5 Qc6 19.
Bf3 Bxe4 20. Bxe4 Qxc5 21. Bxh7+ Kh8 22. Bg6 Qc8 23. Bf5 Nxd6 24. Bxc8 Raxc8
25. Qh3+ Kg8 26. Qe6+ Kf8 27. Rac1 Rc6 28. Qg4 Rdc8 29. b3 b5 30. Rd3 f5 31.
Qg6 bxc4 32. Rh3 Bf6 33. bxc4 Kg8 34. Qh7+ Kf8 35. Ra3 Rxc4 36. Rxc4 Rxc4 37.
Qh8+ Kf7 38. Rxa7+ Kg6 39. h4 Rc2 40. h5+ Kg5 41. Qh7 Kf4 42. Qg6 Ke4 43. h6
gxh6 44. Qxh6 Kd5 45. Qxf6 Rc1+ 46. Kh2 Rc6 47. Ra5+ Rc5 48. Rxc5+ Kxc5 1-0

[Event "ICS rated blitz match"]
[Site "207.99.83.227"]
[Date "1999.04.27"]
[Round "?"]
[White "Hossa"]
[Black "sicillianknight"]
[Result "1-0"]
[WhiteElo "2507"]
[BlackElo "2683"]
[PlyCount "171"]

1. d4 d5 2. e3 Bf5 3. Bb5+ c6 4. Bd3 Bxd3 5. cxd3 e6 6. Nf3 Bb4+ 7. Bd2 Bxd2+
8. Nbxd2 Ne7 9. Qb3 Qc8 10. O-O O-O 11. Rac1 Nd7 12. Qb4 Ng6 13. Qd6 Qb8 14.
Qg3 Qxg3 15. fxg3 e5 16. Rc3 Rae8 17. dxe5 Ngxe5 18. Nxe5 Nxe5 19. Ra3 Ng4 20.
Rxa7 Rxe3 21. Rxb7 Rxd3 22. Nf3 f6 23. Ra7 Rb8 24. b3 Ne3 25. Rc1 Rb6 26. Kf2
Rd1 27. Rc5 Ng4+ 28. Ke2 Rb1 29. h3 Rb2+ 30. Nd2 Ne5 31. Kd1 Nd3 32. Rc3 Nf2+
33. Kc1 Rxd2 34. Kxd2 Ne4+ 35. Kd3 Nxc3 36. Kxc3 Rb8 37. Rc7 Rb6 38. g4 Kf8 39.
a4 Kg8 40. b4 Ra6 41. a5 Kf8 42. Kd4 h6 43. h4 g5 44. hxg5 fxg5 45. g3 Ke8 46.
Rh7 Kd8 47. Kc5 Kc8 48. Rxh6 Kd7 49. Rg6 Ke7 50. Rd6 Kf7 51. Rd7+ Ke6 52. Rc7
Ke5 53. Rf7 Ke4 54. Re7+ Kf3 55. Re5 Kxg4 56. Re6 Kxg3 57. Rxc6 Rxc6+ 58. Kxc6
d4 59. b5 d3 60. b6 d2 61. b7 d1=Q 62. b8=Q+ Kg4 63. Qc8+ Kg3 64. Qf5 Qa4+ 65.
Kb7 Qb4+ 66. Kc8 g4 67. a6 Qb6 68. Qf1 Qc6+ 69. Kd8 Qd6+ 70. Ke8 Kh4 71. Qe1+
g3 72. Qe4+ Kh3 73. a7 Qf6 74. a8=Q Qh8+ 75. Kf7 Qxa8 76. Qxa8 g2 77. Qa7 Kg3
78. Qg1 Kf3 79. Ke6 Ke4 80. Qxg2+ Kd4 81. Qd2+ Ke4 82. Kf6 Kf3 83. Kf5 Kg3 84.
Qe2 Kh3 85. Kf4 Kh4 86. Qh2# {sicillianknight checkmated} 1-0

[Event "ICS rated blitz match"]
[Site "207.99.83.227"]
[Date "1999.04.27"]
[Round "?"]
[White "sicillianknight"]
[Black "Hossa"]
[Result "1/2-1/2"]
[WhiteElo "2660"]
[BlackElo "2530"]
[PlyCount "114"]

1. d4 d5 2. c4 dxc4 3. Nf3 e6 4. e3 b5 5. Be2 c5 6. O-O cxd4 7. Nxd4 a6 8. Bf3
Ra7 9. Nd2 e5 10. Nc2 Nf6 11. Ne4 Rd7 12. Qe2 Be7 13. Nxf6+ Bxf6 14. Be4 O-O
15. Qh5 g6 16. Qf3 Bg7 17. Nb4 a5 18. Nc6 Qc7 19. Nxb8 Qxb8 20. Rd1 Rxd1+ 21.
Qxd1 Be6 22. Bd2 Qd8 23. Qe1 Qh4 24. f3 Qxe1+ 25. Bxe1 b4 26. Rd1 Bh6 27. Kf2
Bg5 28. Ke2 Rd8 29. Rd2 Rxd2+ 30. Bxd2 Be7 31. Bc2 c3 32. bxc3 Bxa2 33. cxb4
Bxb4 34. Kd3 Bxd2 35. Kxd2 Bd5 36. Ba4 e4 37. fxe4 Bxe4 38. g3 h5 39. Kc3 f5
40. Kc4 g5 41. Kb5 Kf8 42. Kxa5 g4 43. Kb4 Ke7 44. Kc5 Kf6 45. Kd4 Kg5 46. Ke5
h4 47. gxh4+ Kxh4 48. Bd7 Kg5 49. Be6 Bd3 50. Bd5 Bb1 51. Bb3 Kg6 52. Kf4 Kh5
53. Bf7+ Kh6 54. Be6 Kg6 55. Bb3 Kh5 56. Be6 Kg6 57. Bb3 57... Kh5 {
Game drawn by repetition} 1/2-1/2

[Event "ICS rated blitz match"]
[Site "207.99.83.227"]
[Date "1999.04.27"]
[Round "?"]
[White "Hossa"]
[Black "sicillianknight"]
[Result "0-1"]
[WhiteElo "2536"]
[BlackElo "2648"]
[Annotator "Crafty v16.6"]
[PlyCount "224"]

{annotating for player ossa using a scoring margin of +0.10 pawns. search time
limit is 10.00} 1. d4 1... d5 2. Nf3 Nf6 3. Bf4 ({8:-0.28} 3. Bf4 3... Nh5 4.
Bd2 Nc6 5. Nc3 Bf5 6. Nb5 6... Be4 $10) ({8:-0.13} 3. e3 3... e6 4. Bb5+ Bd7 5.
Bxd7+ Nfxd7 6. c4 dxc4 7. Qa4 Nc6 8. Qxc4 $10) 3... c5 4. dxc5 Qa5+ 5. Nbd2 ({
8:+0.10} 5. Nbd2 5... Qb4 6. Be5 Nc6 7. a3 Qxc5 8. b4 8... Qb5 $10) ({8:+0.28} 
5. Nc3 5... Ne4 6. Be5 Be6 7. Nd2 Nxc3 8. Bxc3 Qxc5 9. Be5 $10) 5... Qb4 6. Be5
Nc6 7. a3 Qxc5 8. Nb3 Qc4 9. e3 Qe4 10. Bd3 Qg4 11. O-O Nxe5 12. Nxe5 Qxd1 13.
Raxd1 a6 14. c4 e6 15. cxd5 exd5 16. Nd4 Bd6 17. Nef3 O-O 18. Rc1 Ne4 19. Bxe4
dxe4 20. Ng5 Re8 21. Rcd1 f6 22. Nh3 Bxh3 23. gxh3 Rad8 24. Kg2 Kf7 25. h4 Re5
26. b4 a5 27. Kh3 axb4 28. axb4 Rd5 29. Rb1 Rd7 30. Rfd1 Ke7 31. Rg1 g6 32.
Rgc1 f5 33. h5 f4 34. hxg6 hxg6 35. Rh1 Kf6 36. Kg2 f3+ 37. Kg1 Be5 38. h4 Bxd4
39. exd4 Rb5 40. Rd1 Rxb4 41. d5 Rb5 42. Re1 Rb4 43. Rd1 Rb2 44. Rh3 Rc2 45.
Rg3 Rd6 46. Rb1 Rxd5 47. Rb6+ Rc6 48. Rb2 b5 49. Kh2 Re6 50. Rg4 Rf5 51. Rg5
Ree5 52. Rxf5+ Kxf5 53. Kg3 Rd5 54. Rb4 Rc5 55. Rd4 Ke5 56. Rb4 Rd5 57. Kg4 Rd2
58. Rxb5+ Kf6 59. Rb6+ Kg7 60. Rb7+ Kh6 61. Kg3 Rc2 62. Re7 Re2 63. Rf7 Re1 64.
Kf4 Rf1 65. Ke3 Rh1 66. Kxe4 Rxh4+ 67. Kxf3 Kg5 68. Ke3 Rh3+ 69. Ke4 Rh1 70.
Kd3 Rd1+ 71. Ke2 Rd6 72. Rf8 Kg4 73. Rg8 Re6+ 74. Kd3 Rf6 75. Ke2 Kf4 76. Rg7
Rb6 77. Rf7+ Kg4 78. f3+ Kg3 79. Ke3 Rc6 80. Kd4 Re6 81. Rf8 Kh4 82. f4 Kg4 83.
Kd5 Ra6 84. Ke5 Ra5+ 85. Ke4 Rc5 86. Rf7 Rc2 87. Kd3 Rg2 88. Ke3 Rg1 89. Kd4
Rf1 90. Ke4 g5 91. f5 Re1+ 92. Kd3 Kf4 93. f6 Re6 94. Rf8 g4 95. f7 Rf6 96. Kc4
g3 97. Kd5 Kf3 98. Rg8 Rxf7 99. Ke6 Rf4 100. Ke5 Rg4 101. Rf8+ Ke3 102. Rh8 g2
103. Rh3+ Ke2 104. Rh2 Kf3 105. Rh8 Rg5+ 106. Kd6 g1=Q 107. Rf8+ Kg4 108. Rf7
Qc5+ 109. Ke6 Rg6+ 110. Kd7 Rd6+ 111. Ke8 Qc8+ 112. Ke7 Qd8# 0-1

[Event "ICS rated blitz match"]
[Site "207.99.83.227"]
[Date "1999.04.27"]
[Round "?"]
[White "rajah"]
[Black "Hossa"]
[Result "1/2-1/2"]
[WhiteElo "2483"]
[BlackElo "2485"]
[PlyCount "228"]

1. d4 d5 2. Nf3 e6 3. c4 dxc4 4. e3 b5 5. Be2 Bb4+ 6. Bd2 Bxd2+ 7. Nfxd2 Nf6 8.
a4 c6 9. axb5 cxb5 10. b3 cxb3 11. Bxb5+ Bd7 12. Qxb3 O-O 13. Nc3 Bxb5 14. Qxb5
Qc7 15. Nde4 Nxe4 16. Nxe4 Qc2 17. Qb1 Qc4 18. Nd2 Qd5 19. Qe4 Rc8 20. O-O Qxe4
21. Nxe4 Rc2 22. Rfc1 Rxc1+ 23. Rxc1 Nd7 24. Rc7 Nf8 25. Nd6 f5 26. d5 a5 27.
dxe6 Rd8 28. e7 Rxd6 29. g3 Re6 30. exf8=Q+ Kxf8 31. Rc5 a4 32. Rxf5+ Ke7 33.
Ra5 Re4 34. h4 Rc4 35. f3 Rc1+ 36. Kh2 Ra1 37. Ra7+ Kf6 38. e4 h5 39. f4 a3 40.
e5+ Kg6 41. e6 Kf6 42. e7 Re1 43. Kg2 Re2+ 44. Kf3 Rxe7 45. Rxa3 g6 46. Ra6+
Kf5 47. Ra5+ Kf6 48. Rg5 Rf7 49. Ke2 Rh7 50. Kd1 Rb7 51. Kc2 Rd7 52. Kb3 Rd2
53. Ka4 Rd1 54. Kb5 Rd4 55. Kb6 Rc4 56. Ka7 Rb4 57. Ka6 Rb3 58. Ka5 Kf7 59. f5
gxf5 60. Rxh5 Rxg3 61. Rxf5+ Kg6 62. Rc5 Rh3 63. Rg5+ Kh6 64. Kb5 Rxh4 65. Rg3
Rh2 66. Kc5 Rh1 67. Kd4 Rf1 68. Ke5 Re1+ 69. Kd5 Rf1 70. Rg4 Re1 71. Rg8 Rf1
72. Ke5 Re1+ 73. Kf4 Rf1+ 74. Ke4 Re1+ 75. Kf5 Rf1+ 76. Ke6 Re1+ 77. Kd6 Rf1
78. Kc5 Re1 79. Rg2 Rf1 80. Kd5 Re1 81. Kd4 Rf1 82. Rg4 Rh1 83. Ke5 Rf1 84. Ke4
Rh1 85. Rf4 Rg1 86. Rf6+ Rg6 87. Rf1 Rg5 88. Rf7 Rh5 89. Rf8 Rh4+ 90. Kf5 Rd4
91. Rh8+ Kg7 92. Rc8 Rh4 93. Rc7+ Kh6 94. Rc6+ Kh7 95. Kg5 Rh3 96. Rc7+ Kh8 97.
Kg6 Rg3+ 98. Kf5 Rg2 99. Ke5 Rh2 100. Rf7 Rh1 101. Kd4 Rg1 102. Kd5 Rh1 103.
Re7 Rg1 104. Kd4 Rh1 105. Rc7 Rg1 106. Rb7 Rh1 107. Ke5 Rg1 108. Rd7 Rh1 109.
Ke4 Rg1 110. Kf5 Rh1 111. Rc7 Rf1+ 112. Ke5 Rg1 113. Rc8+ Rg8 114. Rc7 114...
Rg7 {Game drawn by the 50 move rule} 1/2-1/2

[Event "ICS rated blitz match"]
[Site "207.99.83.227"]
[Date "1999.04.27"]
[Round "?"]
[White "Hossa"]
[Black "rajah"]
[Result "0-1"]
[WhiteElo "2485"]
[BlackElo "2483"]
[PlyCount "60"]

1. d4 Nf6 2. Nf3 e6 3. e3 b6 4. Bd3 Be7 5. e4 O-O 6. e5 Nd5 7. a3 c5 8. c4 Nc7
9. Qc2 Kh8 10. dxc5 bxc5 11. Bxh7 g6 12. Bxg6 fxg6 13. Qxg6 Rf5 14. Qh6+ Kg8
15. b3 Qe8 16. O-O Bb7 17. Ng5 Bxg5 18. Bxg5 Qf8 19. Qh4 Qg7 20. f4 Nc6 21. Bf6
Qg6 22. Qh8+ Kf7 23. Qh3 Nd4 24. Rf2 Rxf4 25. Nd2 Rxf2 26. Kxf2 Bxg2 27. Qxg2
Qf5+ 28. Nf3 Rg8 29. Bg7 Rxg7 30. Qh1 30... Qc2+ {Hossa resigns} 0-1

[Event "ICS Rated blitz match"]
[Site "207.99.83.227"]
[Date "1999.04.27"]
[Round "?"]
[White "rajah"]
[Black "Hossa"]
[Result "1-0"]
[WhiteElo "2499"]
[BlackElo "2452"]
[Annotator "Crafty v16.6"]
[PlyCount "163"]

{annotating for player ossa using a scoring margin of +0.10 pawns. search time
limit is 10.00} 1. e4 1... e5 2. Nf3 Nc6 3. Bb5 a6 4. Ba4 Bc5 5. O-O Nge7 ({
8:-0.55} 5... Nge7 6. c4 d6 7. Nc3 Bg4 8. h3 Bxf3 9. Bxc6+ Nxc6 10. Qxf3 $14) (
{8:-0.41} 5... Nf6 6. d3 b5 7. Bb3 O-O 8. Nc3 Bb7 9. Bg5 $14) 6. Bxc6 Nxc6 7.
Nxe5 Nxe5 8. d4 Bd6 9. dxe5 Bxe5 10. Nd2 d6 11. Nc4 Bf6 12. c3 O-O 13. Bf4 Qe7
14. Re1 Qe6 15. Qd5 Qg4 16. Bg3 Rb8 17. Ne3 Qg6 18. Qc4 Bd8 19. Nd5 c6 20. Nf4
Qg4 21. Rad1 Bc7 22. h3 Qg5 23. Qd4 Re8 24. Nd3 Qg6 25. c4 Rd8 26. Re3 a5 27.
c5 dxc5 28. Qxc5 Bxg3 29. Rxg3 Qf6 30. e5 Qh4 31. Qxa5 Bf5 32. Rf3 Ra8 33. Qb6
Be4 34. Qb4 Bxf3 35. Qxh4 Bxd1 36. Nc5 Be2 37. Qe7 Re8 38. Qxb7 Rxa2 39. Qxc6
Raa8 40. b4 Rab8 41. f4 Bb5 42. Qe4 Red8 43. e6 fxe6 44. Nxe6 Rd1+ 45. Kh2 g6
46. f5 gxf5 47. Qxf5 Rd7 48. Qg5+ Kf7 49. Qf4+ Kxe6 50. Qxb8 Bc6 51. Qb6 Rd6
52. b5 Be4 53. Qe3 Kd5 54. b6 Rd7 55. Qg5+ Kc6 56. Qe5 Bg6 57. Qe6+ Rd6 58. Qe7
Rd7 59. Qf6+ Kb5 60. h4 Ka6 61. h5 Bd3 62. g4 Bb5 63. Kg1 Rb7 64. g5 Bc4 65.
Qc6 Bb3 66. Qc3 Ba4 67. g6 hxg6 68. hxg6 Rxb6 69. g7 Rb8 70. Qa1 Kb6 71. Qxa4
Rc8 72. Qb3+ Ka5 73. g8=Q Rxg8+ 74. Qxg8 Kb5 75. Qd5+ Kb6 76. Kf2 Kc7 77. Ke3
Kc8 78. Kd4 Kb8 79. Qd7 Ka8 80. Kd5 Kb8 81. Kc6 Ka8 82. Qb7# 1-0

[Event "ICS Rated blitz match"]
[Site "207.99.83.227"]
[Date "1999.04.27"]
[Round "?"]
[White "Hossa"]
[Black "rajah"]
[Result "0-1"]
[WhiteElo "2438"]
[BlackElo "2513"]
[Annotator "Crafty v16.6"]
[PlyCount "238"]

{annotating for player ossa using a scoring margin of +0.10 pawns. search time
limit is 10.00} 1. e4 1... e5 2. Nc3 Nc6 3. Nf3 Nf6 4. Bb5 Bc5 5. O-O O-O 6. d3
d6 7. Be3 ({9:-0.71} 7. Be3 7... Bxe3 8. fxe3 Bd7 9. Qd2 Ng4 10. Rae1 Nb4 11.
Bxd7 Qxd7 12. Ng5 $17) ({9:-0.20} 7. Bxc6 7... bxc6 8. Na4 Bb6 9. Nxb6 axb6 10.
d4 Nxe4 11. dxe5 Bg4 12. Bf4 dxe5 13. Qxd8 Rfxd8 14. Nxe5 $10) 7... Bxe3 8.
fxe3 Bd7 9. Qe2 Ne7 10. Bc4 c6 11. Bb3 Ng6 12. Rae1 Qe7 13. Qf2 b5 14. Qg3 a5
15. a4 b4 16. Ne2 Rad8 17. Nd2 Be6 18. Nc4 Bxc4 19. Bxc4 Qd7 20. Rf2 c5 21. b3
Qg4 22. Qxg4 Nxg4 23. Rf3 Rd7 24. Ref1 Nf6 25. Rg3 Kh8 26. Rh3 Rfd8 27. Ng3 Re7
28. Nf5 Rc7 29. Rhf3 d5 30. exd5 Nxd5 31. Ng3 Nf6 32. Kh1 Nh4 33. R3f2 Re7 34.
e4 Rdd7 35. Kg1 Rd6 36. Nf5 Nxf5 37. Rxf5 Kg8 38. R1f3 h6 39. h4 Rdd7 40. Kh1
Rc7 41. Rg3 Rc6 42. Rf1 Nh5 43. Rg4 Rd6 44. Rf2 Nf4 45. Rg3 Rd4 46. Rgf3 Rdd7
47. g3 Nh5 48. Rg2 Nf6 49. g4 Kh8 50. g5 Nh5 51. gxh6 gxh6 52. Rf5 Nf4 53. Rg4
Rc7 54. Rf6 Kh7 55. Ra6 Ra7 56. Rb6 Nh3 57. Rf6 Rad7 58. Kg2 Nf4+ 59. Kf1 Rc7
60. Rf5 Kh8 61. Kg1 Ne2+ 62. Kh2 Kh7 63. Kg2 Nd4 64. Rf2 Rcd7 65. Kh1 Kh8 66.
Rf6 Kh7 67. Rg2 Ra7 68. h5 Red7 69. Kg1 Rab7 70. Kh2 Rdc7 71. Kh3 Re7 72. Kh4
Ra7 73. Kg4 Kg7 74. Rd6 Rad7 75. Kh3+ Kh7 76. Rb6 Rb7 77. Rf6 Rbd7 78. Kg3 Rc7
79. Kh2 Red7 80. Kh3 Ra7 81. Kg3 Kg7 82. Rff2 Rac7 83. Kh2+ Kh8 84. Rf1 Kh7 85.
Bd5 Re7 86. Rf6 Ra7 87. Kg1 Rec7 88. Bc4 Rd7 89. Kf1 Rab7 90. Ke1 Rbc7 91. Kd2
Ra7 92. Kc1 Re7 93. Kd1 Rac7 94. Rgf2 Kg7 95. Ra6 Ra7 96. Rff6 Rec7 97. Rxh6
Ne6 98. Raxe6 fxe6 99. Rxe6 Re7 100. Rg6+ Kh8 101. Rf6 Rg7 102. Rf5 Rae7 103.
Rf8+ Kh7 104. Kd2 Kh6 105. Rh8+ Rh7 106. Ra8 Ra7 107. Rf8 Rag7 108. Rf5 Rg5
109. Rf6+ Kxh5 110. Ra6 Rg2+ 111. Kc1 Kg5 112. Re6 Rh1+ 113. Kb2 Rgg1 114.
Rxe5+ Kh4 115. Rh5+ Kxh5 116. Bf7+ Kh4 117. Bg8 Rb1+ 118. Ka2 Ra1+ 119. Kb2
Rhb1# 0-1

[Event "ICS Rated blitz match"]
[Site "207.99.83.227"]
[Date "1999.04.27"]
[Round "?"]
[White "rajah"]
[Black "Hossa"]
[Result "1-0"]
[WhiteElo "2526"]
[BlackElo "2425"]
[PlyCount "59"]

1. d4 d5 2. c4 dxc4 3. Nf3 e6 4. e3 b5 5. a4 c6 6. axb5 cxb5 7. b3 Nf6 8. bxc4
b4 9. Bd3 Be7 10. e4 a5 11. e5 Nfd7 12. d5 exd5 13. cxd5 Bc5 14. O-O Bb7 15. e6
fxe6 16. dxe6 Nf6 17. Qc2 Bb6 18. Rd1 Ke7 19. Bc4 Qc7 20. Qe2 a4 21. Bg5 Bxf3
22. Bxf6+ gxf6 23. Qxf3 Ra5 24. Nd2 h5 25. Ne4 f5 26. Nd6 Kf6 27. Bb5 Rxb5 28.
Nxb5 Qe5 29. Qb7 Qxb5 30. Qf7+ {Hossa resigns} 1-0

[Event "ICS Rated blitz match"]
[Site "207.99.83.227"]
[Date "1999.04.27"]
[Round "?"]
[White "Hossa"]
[Black "JudgeTurpin"]
[Result "0-1"]
[WhiteElo "2414"]
[BlackElo "2572"]
[Annotator "Crafty v16.6"]
[PlyCount "128"]

{annotating for player ossa using a scoring margin of +0.10 pawns. search time
limit is 10.00} 1. d4 1... d5 2. Nf3 Nf6 3. e3 g6 4. Nbd2 Bg7 5. Be2 O-O 6. Ne5
({8:-0.37} 6. Ne5 6... Bf5 7. O-O Nbd7 8. Bd3 Ne4 9. Ng4 9... Nd6 $15) ({
8:-0.16} 6. c4 6... Bg4 7. cxd5 Qxd5 8. Bc4 Qf5 9. h3 Bh5 10. O-O $10) 6...
Nbd7 7. f4 ({8:-0.64} 7. f4 7... e6 8. c4 Qe7 9. O-O Rd8 10. cxd5 Nxe5 11. fxe5
11... Nxd5 $15) ({9:-0.42} 7. c4 7... Nxe5 8. dxe5 Nd7 9. cxd5 Nxe5 10. f4 Nd7
11. O-O 11... Nc5 $15) 7... Nb6 8. O-O ({9:-0.67} 8. O-O 8... Bf5 9. c4 Nfd7
10. cxd5 Nxe5 11. fxe5 Nxd5 12. Nc4 12... Qd7 $15) ({9:-0.25} 8. h4 8... h5 9.
g4 hxg4 10. Nxg4 Nxg4 11. Bxg4 Bxg4 12. Qxg4 Qd7 13. Qg5 13... Qd6 $10) 8...
Bf5 9. g4 Bd7 10. g5 ({8:-0.71} 10. g5 10... Ne4 11. Nxd7 Qxd7 12. Nxe4 dxe4
13. f5 gxf5 14. Bd2 14... Rad8 $17) ({8:-0.21} 10. f5 10... Be8 11. fxg6 hxg6
12. Nb3 Ne4 13. Nd2 Nd7 14. Nxd7 Bxd7 15. Nxe4 15... dxe4 $10) 10... Ne8 11.
Nxd7 Qxd7 12. Bg4 Qd8 13. Nb3 e6 14. Nc5 Nd6 15. Qf3 h6 16. Qg3 hxg5 17. fxg5
Rb8 18. Be2 Nd7 19. Nxd7 Qxd7 20. Qg4 Qe7 21. Bd3 e5 22. c3 e4 23. Bc2 b6 24.
Bb3 c6 25. Bd2 b5 26. Bc2 Nc4 27. Bc1 a5 28. b3 Nd6 29. Bd2 Rbe8 30. a4 Ra8 31.
Qg3 Nf5 32. Rxf5 gxf5 33. axb5 cxb5 34. Qf4 Qd7 35. Rf1 a4 36. bxa4 bxa4 37.
Rb1 Rfd8 38. Ra1 Kf8 39. Bc1 Rdc8 40. Ba3+ Kg8 41. Bb4 Bf8 42. Bd1 Rc4 43. Bxf8
Kxf8 44. Ra3 Rac8 45. h4 Qc7 46. Qf2 Rxc3 47. Rxc3 Qxc3 48. Bxa4 Qa1+ 49. Kh2
Qxa4 50. Qxf5 Rc2+ 51. Kg3 Qb3 52. Qf4 Re2 53. Qd6+ Kg8 54. Qd8+ Kh7 55. Kf4
Qxe3+ 56. Ke5 Qg3+ 57. Kxd5 Qb3+ 58. Ke5 Qe6+ 59. Kf4 Rf2+ 60. Ke3 Rf3+ 61. Kd2
Qa2+ 62. Ke1 Qb1+ 63. Ke2 Qd3+ 64. Ke1 Rf1# 0-1

[Event "ICS rated blitz match"]
[Site "207.99.83.227"]
[Date "1999.04.27"]
[Round "?"]
[White "GreatPatzer"]
[Black "Hossa"]
[Result "1/2-1/2"]
[WhiteElo "2310"]
[BlackElo "2413"]
[PlyCount "62"]

1. d4 e6 2. e4 d5 3. Nc3 dxe4 4. Nxe4 Qd5 5. Nc3 Bb4 6. Bd2 Qxd4 7. Nf3 Qb6 8.
a3 Bd6 9. Bd3 Ne7 10. O-O O-O 11. Bxh7+ Kxh7 12. Ng5+ Kg6 13. Qg4 f5 14. Qh4
Ng8 15. Rae1 Nf6 16. g4 Qxb2 17. gxf5+ exf5 18. Ne6 Bxe6 19. Rxe6 Qxc2 20. Qg5+
Kf7 21. Rfe1 Rh8 22. Nb5 Bxh2+ 23. Kg2 Rh7 24. Re7+ Kg8 25. Re8+ Nxe8 26. Rxe8+
Kf7 27. Qe7+ Kg6 28. Qg5+ Kf7 29. Qe7+ Kg6 30. Qg5+ Kf7 31. Qe7+ 31... Kg6 {
Game drawn by repetition} 1/2-1/2

[Event "ICS rated blitz match"]
[Site "207.99.83.227"]
[Date "1999.04.27"]
[Round "?"]
[White "Hossa"]
[Black "GreatPatzer"]
[Result "0-1"]
[WhiteElo "2408"]
[BlackElo "2315"]
[Annotator "Crafty v16.6"]
[PlyCount "105"]

{annotating for player ossa using a scoring margin of +0.10 pawns. search time
limit is 10.00} 1. d4 1... Nf6 2. Nf3 g6 3. Nc3 d5 4. Bf4 Bg7 5. Qd2 Bf5 6.
O-O-O Nbd7 7. Nb5 ({9:+0.16} 7. Nb5 7... O-O 8. Nh4 Ne4 9. Qe1 e5 10. Nxf5 exf4
11. Nxg7 11... Kxg7 $10) ({9:+0.89} 7. Nh4 7... Be6 8. Nb5 Ne4 9. Nxc7+ Qxc7
10. Bxc7 Nxd2 11. Rxd2 11... O-O $16) 7... O-O 8. Bxc7 ({8:-0.66} 8. Bxc7 8...
Qc8 9. Nh4 a6 10. Nxf5 gxf5 11. Bd6 exd6 12. Nxd6 $15) ({8:-0.03} 8. Nc3 $10)
8... Qc8 9. Qa5 ({8:-2.00} 9. Qa5 9... b6 10. Qc3 Ne4 11. Qc6 Nxf2 12. e4 Nxd1
13. exf5 $19) ({8:-0.64} 9. g4 9... Bxg4 10. Bg3 Qc4 11. Nc3 Rac8 12. e4 12...
Qb4 $15) 9... Ne4 10. Nc3 ({8:-2.08} 10. Nc3 10... Nxf2 11. Nxd5 Re8 12. Rg1
Be4 13. Ng5 Nxd1 14. Nxe4 14... Bxd4 $19) ({8:-1.13} 10. g4 10... Bh6+ 11. Kb1
Nxf2 12. gxf5 Nxd1 13. fxg6 fxg6 14. Nc3 Nxc3+ 15. Qxc3 15... Bf4 $17) 10...
Nxf2 11. Nxd5 Re8 12. Rg1 Nxd1 13. Kxd1 Be4 14. Ne3 Bxf3 15. exf3 Bxd4 16. Bf4
Bxb2 17. Qb5 Bd4 18. Bc4 Nc5 19. Kc1 a6 20. Qb4 Ne6 21. Bxe6 Bxe3+ 22. Bxe3
Qxe6 23. Qb3 Qxb3 24. axb3 Red8 25. Kb2 Rd7 26. c4 b5 27. c5 a5 28. Ra1 a4 29.
Ra3 Rd3 30. bxa4 Rxa3 31. Kxa3 Rxa4+ 32. Kb3 Rc4 33. Kb2 e5 34. Kb3 f5 35. h3
Kf7 36. Bg1 Ke6 37. Be3 Kd5 38. g3 Rxc5 39. Bxc5 Kxc5 40. Kc2 Kd4 41. Kd2 b4
42. h4 b3 43. Kc1 Ke3 44. h5 Kxf3 45. h6 Kxg3 46. Kb2 f4 47. Kxb3 f3 48. Kc4 f2
49. Kd5 f1=Q 50. Kxe5 Qf4+ 51. Kd5 Qxh6 52. Ke5 Qg5+ 53. Kd4 0-1

[Event "ICS rated blitz match"]
[Site "207.99.83.227"]
[Date "1999.04.27"]
[Round "?"]
[White "Rufsetufs"]
[Black "Hossa"]
[Result "0-1"]
[WhiteElo "2186"]
[BlackElo "2388"]
[PlyCount "49"]

1. Nf3 c5 2. g3 d5 3. Bg2 Nf6 4. O-O Nc6 5. d4 e6 6. c4 dxc4 7. Ne5 Bd7 8. Na3
cxd4 9. Naxc4 Be7 10. Qb3 Qc8 11. Bf4 O-O 12. Rac1 Nd5 13. Nd3 Nxf4 14. gxf4
Qb8 15. Nce5 Na5 16. Qd1 Bb5 17. b4 Bxd3 18. Qxd3 Bxb4 19. Nd7 Qxf4 20. Nxf8
Rxf8 21. Qg3 Qd2 22. Rfd1 Qxa2 23. Rxd4 Nb3 24. Rxb4 Nxc1 25. Bf3 {
Rufsetufs resigns} 0-1

[Event "ICS rated blitz match"]
[Site "207.99.83.227"]
[Date "1999.04.27"]
[Round "?"]
[White "drainUbrain"]
[Black "Hossa"]
[Result "0-1"]
[WhiteElo "2283"]
[BlackElo "2396"]
[PlyCount "112"]

1. e4 e5 2. Nf3 Nc6 3. Bb5 a6 4. Bxc6 dxc6 5. Nc3 Qd6 6. h3 Bd7 7. d3 O-O-O 8.
Qe2 Qg6 9. g3 Qh5 10. Ng1 Nf6 11. Qxh5 Nxh5 12. Bg5 f6 13. Be3 Bd6 14. Nge2 f5
15. f3 Rdf8 16. Kd2 Nxg3 17. Nxg3 f4 18. Bxf4 Rxf4 19. Ke2 Rhf8 20. Raf1 Rh4
21. Rf2 Be7 22. Nd1 Bg5 23. Ne3 Bxe3 24. Kxe3 g6 25. Rfh2 Be6 26. a3 a5 27. c3
Rhf4 28. Rf2 g5 29. Ne2 Rh4 30. Rfh2 c5 31. d4 cxd4+ 32. cxd4 exd4+ 33. Nxd4
Bd7 34. b4 Re8 35. bxa5 Re5 36. a6 bxa6 37. Rc2 Ra5 38. Rc3 Rxh3 39. Rhc1 h5
40. Rxc7+ Kd8 41. R1c3 h4 42. Ra7 Ke8 43. Ne2 g4 44. Kf4 Rxf3+ 45. Rxf3 gxf3
46. Kxf3 Rxa3+ 47. Kf4 h3 48. Ra8+ Kf7 49. Rh8 Be6 50. Nd4 a5 51. Ke5 Kg7 52.
Rh4 Bc8 53. Kd6 Rd3 54. e5 h2 55. Kc5 Rh3 56. Rxh3 56... Bxh3 {
drainUbrain resigns} 0-1

[Event "ICS rated blitz match"]
[Site "207.99.83.227"]
[Date "1999.04.27"]
[Round "?"]
[White "wurschtl"]
[Black "Hossa"]
[Result "1-0"]
[WhiteElo "2275"]
[BlackElo "2409"]
[Annotator "Crafty v16.6"]
[PlyCount "71"]

{annotating for player ossa using a scoring margin of +0.10 pawns. search time
limit is 10.00} 1. e4 1... e6 2. d4 d5 3. Nc3 Nf6 ({8:-0.57} 3... Nf6 4. e5 Ne4
5. Nxe4 dxe4 6. Bc4 Nd7 7. Ne2 7... Be7 $14) ({8:-0.15} 3... dxe4 4. Nxe4 Qd5
5. Qd3 Nc6 6. Nf3 Nb4 7. Qb5+ Bd7 8. Qxd5 8... Nxd5 $10) 4. e5 Nfd7 5. f4 Bb4
6. Nf3 c5 7. a3 cxd4 ({8:+0.20} 7... cxd4 8. axb4 dxc3 9. bxc3 O-O 10. Bd3 Nc6
11. O-O $10) ({8:+0.31} 7... Ba5 8. Bd2 cxd4 9. Nxd4 O-O 10. Qh5 Bb6 11. Be3
Nc6 12. Nxc6 12... bxc6 $15) 8. Nxd4 Bxc3+ 9. bxc3 O-O 10. Bd3 Qh4+ ({8:+0.22} 
10... Qh4+ 11. g3 Qe7 12. Qh5 g6 13. Qh6 Qc5 14. Bb2 14... Nc6 $10) ({8:+0.49} 
10... Nc5 11. Qh5 Ne4 12. O-O Nd7 13. Bb2 $15) 11. g3 Qh3 ({9:-0.31} 11... Qh3
12. Bf1 Qh6 13. f5 g5 14. Nf3 Qh5 15. Bxg5 15... Nxe5 $14) ({9:+0.26} 11... Qe7
12. Qh5 h6 13. O-O Nc5 14. Be3 Nbd7 15. c4 Nb6 16. cxd5 Nxd3 17. cxd3 17...
Nxd5 $10) 12. Bf1 Qh6 13. f5 g5 14. h4 Nxe5 15. Bxg5 Qg7 16. f6 Qg6 17. Bd3
Nxd3+ 18. Qxd3 Qh5 19. g4 Qxg4 20. Kd2 Qg2+ 21. Ne2 Kh8 22. Rhg1 Qe4 23. Bh6
Qxd3+ 24. cxd3 Rd8 25. Bg7+ Kg8 26. Nf4 h5 27. Nxh5 Kh7 28. Rg5 d4 29. c4 e5
30. Rag1 e4 31. Nf4 Bg4 32. R1xg4 Rd5 33. cxd5 e3+ 34. Ke2 Nd7 35. Rh5+ Kg8 36.
Rh8# 1-0

[Event "ICS rated blitz match"]
[Site "207.99.83.227"]
[Date "1999.04.27"]
[Round "?"]
[White "kyu"]
[Black "Hossa"]
[Result "0-1"]
[WhiteElo "2318"]
[BlackElo "2391"]
[PlyCount "68"]

1. d4 e6 2. Nf3 Nf6 3. Nc3 Bb4 4. g3 Ne4 5. Qd3 d5 6. a3 Bxc3+ 7. bxc3 O-O 8.
Bg2 b6 9. Nd2 Ba6 10. Qe3 Nxd2 11. Bxd2 Bc4 12. h4 c5 13. h5 Qf6 14. Rh4 cxd4
15. cxd4 Nc6 16. c3 Ne7 17. g4 Qxh4 18. Qg5 Qxg5 19. Bxg5 f6 20. Bd2 f5 21. g5
Rac8 22. f4 Rc7 23. Bf3 Nc6 24. Kf2 Na5 25. Rh1 Nb3 26. Be1 Na1 27. e3 Nc2 28.
Bd2 Nxa3 29. Bd1 Nb1 30. Be1 Bd3 31. Ba4 Nxc3 32. Bb3 Ne4+ 33. Kf3 Nd2+ 34.
Bxd2 34... Be4+ {kyu resigns} 0-1

[Event "ICS rated blitz match"]
[Site "207.99.83.227"]
[Date "1999.04.27"]
[Round "?"]
[White "Mayonaise"]
[Black "Hossa"]
[Result "0-1"]
[WhiteElo "2138"]
[BlackElo "2404"]
[PlyCount "52"]

1. d4 e6 2. c4 d5 3. Nc3 Bb4 4. e3 Nf6 5. Nge2 dxc4 6. a3 Ba5 7. Qa4+ Nc6 8.
Bd2 O-O 9. O-O-O Ng4 10. Be1 Qf6 11. Nf4 Bxc3 12. bxc3 e5 13. dxe5 Ncxe5 14. h3
Nh6 15. g4 Qh4 16. Bxc4 Nhxg4 17. f3 Nf2 18. Kc2 Nxc4 19. Qxc4 Nxd1 20. Kxd1
Qe7 21. Rg1 Qxe3 22. Rg2 Bxh3 23. Bd2 Qxf3+ 24. Re2 Qf1+ 25. Kc2 Bf5+ 26. Kb2
26... Qb1# {Mayonaise checkmated} 0-1